000 00376 a2200133 4500
245 _aChairman of Fools
_hprint
020 _a1770130586
700 _aChinodya, Shimmer.
650 _aEnglish Novel
005 20191017172722.0
260 _arh
_bDouble Storey Books
_c2005
084 _aMLCS 2006/00218 (P)
300 _ax, 182 p. : ill.
_b 21 cm.
_cx, 182 p. : ill. ; 21 cm.
500 _aShimmer Chinodya.
999 _c9274
_d9274